Normal view MARC view
  • Choi, Jung Han

Entry Personal Name

Number of records used in: 1

001 - CONTROL NUMBER

  • control field: 1413

003 - CONTROL NUMBER IDENTIFIER

  • control field: DLC

005 - DATE AND TIME OF LATEST TRANSACTION

  • control field: 20231215122455.0

008 - FIXED-LENGTH DATA ELEMENTS

  • fixed length control field: 140415n| azannaabn |n aaa

010 ## - LIBRARY OF CONGRESS CONTROL NUMBER

  • LC control number: n 2014020185

040 ## - CATALOGING SOURCE

  • Original cataloging agency: DLC
  • Language of cataloging: eng
  • Description conventions: rda
  • Transcribing agency: DLC

100 1# - HEADING--PERSONAL NAME

  • Personal name: Choi, Jung Han

670 ## - SOURCE DATA FOUND

  • Source citation: High-speed devices and circuits with THz applications, 2014:
  • Information found: ECIP t.p. (Jung Han Choi)